000 01321nam a2200349 a 4500
003 CHAP
005 20220817044402.0
008 101022s2004 mx a 00010 spa d
010 _a99524
011 _a100496
035 _a111182
040 _cCHAP
082 1 0 _a636.0855
_bC93
111 2 _aCurso Taller Iberoamericano Sistemas de Alimentación Sostenible de Ovinos y Caprinos
_d(2004 :
_cMoron, Ciego de Avila, Cuba)
_930693
245 1 0 _aMemorias
_c/editado por Ángela Borroto Pérez, José Solís Ramírez y José Ramón Díaz Álvarez
260 _aChapingo, Mex. :
_bCYTED,
_c2004
300 _a258 p.
_bilus., cuadros, gráfs., tablas
590 _aBATCH-UPD
_b10
_c20130110
_lUCH01
_h1306
590 _aBATCH-UPD
_b10
_c20130410
_lUCH01
_h0822
590 _aBATCH-UPD
_b10
_c20130914
_lUCH01
_h0701
590 _aCONVERSION
_b10
_c20130109
_lUCH01
_h1355
650 1 4 _aGanadería sustentable.
650 1 4 _aGanado cabrío
_xAlimentación.
_944990
650 1 4 _aGanado lanar
_xAlimentación.
_945153
650 1 4 _aNutrición animal.
700 0 _aSolís Ramírez, José
_e, ed.
_9108462
700 1 _aBorroto Pérez, Ángela
_e, ed.
_913951
700 1 _aDíaz Álvarez, José Ramón
_e, ed.
_933579
901 _aBK
942 _cLIBRO
949 _a636.0855 C93
_bBC
_cCONG
_d33724002217736
_eCONG
_h113673
_i111182
_sb
999 _c99524
_d99524